000 00715nam a22002177a 4500
999 _c3933
_d3933
003 AR-CdUCM
008 190307b ||||| |||| 00| 0 spa d
040 _aMUNICIPALIDAD PROVINCIAL DEL CUSCO
_cBIBLIOTECA MUNICIPAL DEL CUSCO
041 _heng.
082 _a818.54 /
_bH69
100 _aHoffman, Frederick J.
_912597
245 _aWilliam Faulkner /
260 _aBuenos Aires :
_bEdit.Compañia General Fabril,
_c1968.
300 _a191 paginas ;
_c17 cm.
505 _aContenido :Cronología --Vida y obra de William Faulkner traducidas al castellano ...
650 _aBiografia
_9437
650 _aBibliografia
_9345
700 _aRoberto Bixio (traductor)
_912598
942 _2ddc
_cLIBROS
945 _arjall